000 00737cab a2200217 4500
001 ABS41661
008 090401t1989 xxu||||| |||| 00| 0 eng d
035 _a(Sirsi) u31505
041 _aeng
100 _aRoskrow, B.
245 _aWhose fault was it?
260 _c1989
350 _a0
490 _aConstruction News
_v2 November 1989, 31-32(2)
520 _aIn the light of the recent disaster in San Francisco , this article discusses whether building codes devised to ensure that buildings in the area are earthquake proof, were effective or not.
650 _aBUILT ENVIRONMENT-CONSTRUCTION DESIGN
650 _aBUILDING FAILURES
690 _aBUILT ENVIRONMENT-BUILDING PATHOLOGY
942 _n0
948 _c04/03/1997
999 _c21153
_d21153